| 000 | 01500cad a22002415a 4500 | ||
|---|---|---|---|
| 001 | L152778 | ||
| 008 | 110426e20101101xxk 000 0 eng d | ||
| 035 | _a(Sirsi) u152778 | ||
| 041 | 0 | _aeng | |
| 245 | 0 | 0 | _aLondon Tara Hotel Limited v Kensington Close Hotel Limited |
| 260 | _c2010 | ||
| 520 | _a[2010] EWHC 2749 (Ch), 1 November 2010. Considers whether a hotel had the right to use a private service road owned by another hotel for its deliveries. A 1973 licence between the then owners of the site of the claimant London Tara Hotel (L) and the defendant Kensington Close Hotel (K) allowed K to use the road but this right did not benefit successor owners of K. In 2007 L informed K it had no right of access and sought a restraining injunction. K argued that it had established an easement based on 20 years' use of the road. "Held": HC found that K had a prescriptive right to use the road because it had used the road for 20 years without using force or stealth | ||
| 590 | _aKA | ||
| 650 | 2 | 4 | _aLONDON TARA HOTEL LTD V KENSINGTON CLOSE HOTEL LTD |
| 650 | 2 | 4 | _aR V OXFORDSHIRE CC AND ANOTHER EX P SUNNINGWELL PARISH COUNCIL |
| 650 | 2 | 4 | _aR (BERESFORD) V SUNDERLAND CITY COUNCIL |
| 650 | 2 | 4 | _aR (LEWIS) V REDCAR AND CLEVELAND BC |
| 650 | 2 | 4 | _aPRESCRIPTION ACT 1832 S2 |
| 651 | 4 |
_aEngland and Wales _y1543- |
|
| 690 |
_aBoundary disputes _96221 |
||
| 856 | 4 | 0 |
_uhttps://www.bailii.org/ew/cases/EWHC/Ch/2010/2749.html _zView the law report free of charge at www.bailii.org |
| 942 | _n0 | ||
| 999 |
_c83084 _d83084 |
||